Quiz di cultura generale #84 - Statistics

Statistiche generali
  • Questo quiz è stato fatto 333 volte
  • Il punteggio medio è 11 su 20
Statistiche sulle risposte
DOMANDA RISPOSTA % Corretto
Strumento che si utilizza per disegnare cerchi perfetti Compasso
91%
La parte negativa di un atomo Elettrone
88%
Città contesa tra Islam, Cristianesimo ed Ebraismo Gerusalemme
81%
Il mare con cui confina la Turchia a nord Nero
78%
Famoso romanzo scritto da Herman Melville riguardo l'uccisione di una balena Moby Dick
75%
Droga ottenuta dal papavero che fu causa di due guerre in Cina Oppio
74%
Il nome greco di Plutone (il dio dell'oltretomba) Ade
72%
Accomuna il programma "L'eredità" e la Rivoluzione Francese Ghigliottina
72%
Filosofo rappresentato nella Scuola di Atene indicando il cielo Platone
68%
Evento occasionale che provvede all'oscuramento del Sole da parte della luna Eclisse
60%
Così sono chiamate le parti che suddividono il cervello (parietale, frontale...) Lobi/Lobo
53%
"Il marito di tutte le mogli e la moglie di tutti i mariti": così fu descritto Cesare da questo famoso oratore Cicerone
52%
La sua sequenza è: 0, 1, 1, 2, 3, 5, 8, 13, 21, 34... Fibonacci
52%
Il nome di una forma volumica con 12 facce Dodecaedro
47%
La scienza che studia gli insetti Entomologia
41%
Tradotto letteralmente dall'inglese è "Casa della luce", in italiano cos'è? Faro
36%
Andando a ritroso: Cretaceo, Giurassico e... Triassico
35%
Così è chiamata la bandiera dei pirati con un teschio e due ossa incrociate Jolly Roger
23%
Stato europeo che ha una popolazione attuale minore rispetto a quello dell'Ottocento Irlanda
18%
Il primo stato degli Stati Uniti Delaware
16%
Nessun quiz corrispondente trovato
Distribuzione punteggi
Percentuale di utenti per punteggio
Percentile per numero di risposta
I tuoi punteggi nel tempo
Non hai fatto questo quiz